banner-ar

كتالوج لمجموعات التحف والمجوهرات التى ستياع بالمزاد العلنى بقصر عابدين من يوم الجمعة 14 الى يوم الثلاثاء 18 يونية 1957 / (Record no. 49953)

MARC details
000 -الفاتح
حقل البيانات ثابتة الطول 00770nam a2200205Ia 4500
008 - عناصر البيانات ثابتة الطول - معلومات عامة
حقل البيانات ثابتة الطول 140319s9999 xx 000 0 ara d
040 ## - مصدر الفهرسة
وكالة الفهرسة الأصلية GCL /
وكالة النسخ GCL
082 04 - رقم تصنيف ديوى العشرى
رقم التصنيف 708.962
رقم المادة ك ك
100 1# - المدخل الرئيسى - إسم شخصى
الإسم الشخصى كاسكو، جويدو
245 10 - بيان العنوان
العنوان كتالوج لمجموعات التحف والمجوهرات التى ستياع بالمزاد العلنى بقصر عابدين من يوم الجمعة 14 الى يوم الثلاثاء 18 يونية 1957 /
بيان المسئوليه,etc كاسكو، جويدو
700 1# - المدخل الاضافى - اسم شخصى
الإسم الشخصى عبادى، فرانسوا
300 ## - الوصف المادى
التعداد 45 ص
490 ## - بيان السلسلة
عنوان السلسلة الهيئة العامة للاستعلامات
رقم المجلد/ التعيين التسلسلي 0
650 04 - المدخل الاضافى بالموضوع-مصطلح موضوعى
مصطلح موضوعي المجوهرات
650 04 - المدخل الاضافى بالموضوع-مصطلح موضوعى
مصطلح موضوعي الفنون
650 04 - المدخل الاضافى بالموضوع-مصطلح موضوعى
مصطلح موضوعي اللوحات الفنية
650 04 - المدخل الاضافى بالموضوع-مصطلح موضوعى
مصطلح موضوعي التحف
942 ## - عناصر المدخل الإضافي( كوها)
مصدر التصنيف او مخطط الترفيف Dewey Decimal Classification
Koha [default] item type كتاب
Holdings
حالة التراجع حالة الفقد حالة تلف ليس للاعارة المكان المؤقت الموقع الحالى تاريخ الاكتساب اجمالي اﻻعارات رقم الطلب الباركود تاريخ اخر مشاهدة تاريخ تفعيل السعر نوع وعاء كوها
        مكتبة القاهرة الكبرى مكتبة القاهرة الكبرى 03/26/2014   708.962\ك ك 119799 03/26/2014 03/26/2014 كتاب

Powered By

EGPV